[Event "Santo Domingo Provincial-ch"]
[Site "Santo Domingo"]
[Date "2018.11.24"]
[Round "2"]
[White "Gomez Almanzar, Roberto"]
[Black "Abreu Jean, Carlos Paul"]
[Result "0-1"]
[WhiteElo "1861"]
[BlackElo "2342"]
[PlyCount "122"]
[EventDate "2018.11.23"]
[EventType "swiss"]
[EventRounds "7"]
[EventCountry "DOM"]
[SourceTitle "CBM 187 Extra"]
[Source "ChessBase"]
[SourceDate "2018.11.04"]
[SourceVersion "1"]
[SourceVersionDate "2018.11.04"]
[SourceQuality "1"]

1. d4 Nf6 2. Bf4 g6 3. e3 Bg7 4. Nf3 0-0 5. h3 d6 6. Be2 c5 7. c3 b6 8. Nbd2 Bb7 9. 0-0 Nbd7 10. a4 a6 11. Qb1 Qc7 12. Bh2 Rfe8 13. e4 e5 14. d5 Nh5 15. c4 Nf4 16. Re1 Bc8 17. Bf1 Nf8 18. Ra3 Rb8 19. b4 a5 20. b5 Qd8 21. Kh1 g5 22. Ng1 N4g6 23. Qd1 h6 24. Be2 Nh7 25. Bg4 Nf6 26. Bxc8 Qxc8 27. Nf1 Rf8 28. Ng3 Qd7 29. Nf5 Nxe4 30. Nxh6+ Bxh6 31. Rxe4 f5 32. Re1 Qh7 33. Nf3 Rbe8 34. Qc2 Nh8 35. Nd2 Bg7 36. Nf1 Nf7 37. Ne3 Nh6 38. Nf1 Kh8 39. Nd2 Ng8 40. Nf1 Nf6 41. Nd2 Bh6 42. Kg1 Qd7 43. f3 Rg8 44. Kh1 Qh7 45. Re2 Ref8 46. Re1 g4 47. fxg4 fxg4 48. Qxh7+ Kxh7 49. Nf1 gxh3 50. gxh3 Ne4 51. Bg1 Ng5 52. Nh2 Rf4 53. Ng4 Nxh3 54. Rxh3 Rgxg4 55. Rxh6+ Kxh6 56. Be3 Kg5 57. Bxf4+ Kxf4 58. Rf1+ Kg3 59. Rf6 Rxc4 60. Rg6+ Kf2 61. Rf6+ Rf4 0-1

[Event "Santo Domingo Provincial-ch"]
[Site "Santo Domingo"]
[Date "2018.11.23"]
[Round "1"]
[White "Gomez Almanzar, Roberto"]
[Black "Guzman Cabrera, Jose Francisco"]
[Result "1-0"]
[WhiteElo "1861"]
[BlackElo "1616"]
[PlyCount "89"]
[EventDate "2018.11.23"]
[EventType "swiss"]
[EventRounds "7"]
[EventCountry "DOM"]
[SourceTitle "CBM 187 Extra"]
[Source "ChessBase"]
[SourceDate "2018.11.04"]
[SourceVersion "1"]
[SourceVersionDate "2018.11.04"]
[SourceQuality "1"]

1. d4 d5 2. Nf3 Bg4 3. Ne5 Bh5 4. c4 c6 5. Nc3 e6 6. Qb3 Qc7 7. g4 f6 8. gxh5 fxe5 9. dxe5 Nd7 10. Bf4 Nc5 11. Qc2 a6 12. e3 0-0-0 13. Rd1 Nh6 14. Bxh6 gxh6 15. f4 Be7 16. h4 Rhg8 17. Qf2 Rg7 18. cxd5 cxd5 19. Bh3 Qc6 20. Rh2 Kb8 21. Bg2 Rdg8 22. Kf1 Qe8 23. Bf3 Qf7 24. b4 Nd7 25. a3 Qe8 26. e4 Qc8 27. Qd4 Rg3 28. Ke2 Nb6 29. exd5 Nxd5 30. Nxd5 exd5 31. Bxd5 Rxa3 32. Bxg8 Qxg8 33. f5 Qg3 34. Rf2 Ra2+ 35. Rd2 Rxd2+ 36. Kxd2 Qb3 37. Rf4 Qa2+ 38. Ke3 Qa3+ 39. Qd3 Qc1+ 40. Ke4 Bxb4 41. f6 Qh1+ 42. Kf5 a5 43. Rxb4 axb4 44. f7 Qg1 45. f8Q+ 1-0

[Event "Santo Domingo op U2100 2nd"]
[Site "Santo Domingo"]
[Date "2015.06.21"]
[Round "4"]
[White "Gomez Almanzar, Roberto"]
[Black "Holguin Velazquez, Rene Oscar"]
[Result "1-0"]
[WhiteElo "1881"]
[BlackElo "1972"]
[PlyCount "69"]
[EventDate "2015.06.19"]
[EventType "swiss"]
[EventRounds "8"]
[EventCountry "DOM"]
[SourceTitle "CBM 167 Extra"]
[Source "ChessBase"]
[SourceDate "2015.09.14"]
[SourceVersion "1"]
[SourceVersionDate "2015.09.14"]
[SourceQuality "1"]

1. d4 d5 2. Nf3 Nf6 3. c4 c6 4. g3 e6 5. Bg2 Nbd7 6. b3 Bd6 7. 0-0 0-0 8. Bb2 b6 9. Nbd2 Ba6 10. Rc1 Rc8 11. Ne5 Bxe5 12. dxe5 Ng4 13. Nf3 dxc4 14. bxc4 Qc7 15. Qd4 Nh6 16. Ng5 Nf5 17. Qe4 Nc5 18. Qc2 h6 19. g4 hxg5 20. gxf5 exf5 21. Qxf5 Ne6 22. Be4 g6 23. Qg4 Kg7 24. h4 Rh8 25. hxg5 Rh5 26. f4 Rch8 27. Bxg6 Kxg6 28. f5+ Kg7 29. fxe6 Rh1+ 30. Kf2 Rxf1+ 31. Rxf1 Qe7 32. exf7 Qb4 33. Ba1 Rd8 34. e6+ Kf8 35. g6 1-0

[Event "Santo Domingo op U2100 2nd"]
[Site "Santo Domingo"]
[Date "2015.06.20"]
[Round "2"]
[White "Gomez Almanzar, Roberto"]
[Black "Soto Lora, Jose Santiago"]
[Result "0-1"]
[WhiteElo "1881"]
[BlackElo "2030"]
[PlyCount "156"]
[EventDate "2015.06.19"]
[EventType "swiss"]
[EventRounds "8"]
[EventCountry "DOM"]
[SourceTitle "CBM 167 Extra"]
[Source "ChessBase"]
[SourceDate "2015.09.14"]
[SourceVersion "1"]
[SourceVersionDate "2015.09.14"]
[SourceQuality "1"]

1. d4 Nf6 2. Nf3 g6 3. g3 Bg7 4. Bg2 d6 5. 0-0 0-0 6. c4 c6 7. Nc3 Nbd7 8. e4 e5 9. Re1 Re8 10. d5 c5 11. Qd3 a6 12. a4 Qe7 13. h3 h6 14. Bd2 Nf8 15. Kh2 g5 16. g4 Ng6 17. Re2 Nd7 18. Rae1 Nf4 19. Bxf4 exf4 20. a5 Qd8 21. Ra1 Bf6 22. Ree1 Kg7 23. Rh1 Rh8 24. h4 gxh4 25. Bh3 Ne5 26. Nxe5 Bxe5 27. f3 Bd7 28. Qd2 Qe7 29. Ne2 Rag8 30. Rhg1 Kf8 31. Kh1 h5 32. Raf1 Ke8 33. Nxf4 Qf6 34. Nd3 Bd4 35. g5 Qe7 36. Bxd7+ Qxd7 37. Nf2 Rh7 38. Kh2 Rhg7 39. f4 f6 40. Qe2 fxg5 41. Qxh5+ Qf7 42. Qxf7+ Rxf7 43. f5 Ke7 44. Rg2 Bxf2 45. Rgxf2 Kf6 46. Kh3 Ke5 47. Re1 Kd4 48. b3 g4+ 49. Kg2 g3 50. Rf4 h3+ 51. Kxh3 Rh7+ 52. Kg2 Rh2+ 53. Kg1 Ke5 54. Rf3 Ra2 55. f6 g2 56. Rf5+ Kd4 57. f7 Rh8 58. Rf2 Rxf2 59. Kxf2 Rf8 60. Kxg2 Rxf7 61. Kg3 Kc3 62. Re3+ Kb4 63. Kg4 Kxa5 64. e5 dxe5 65. Rxe5 Kb4 66. Re3 b5 67. cxb5 axb5 68. d6 Rd7 69. Rd3 c4 70. bxc4 Kxc4 71. Rd1 Kc5 72. Kf4 Rxd6 73. Rxd6 Kxd6 74. Ke4 Kc5 75. Kd3 Kb4 76. Kc2 Ka3 77. Kc3 b4+ 78. Kc2 Ka2 0-1